000
00247nam a22000977a 4500
008
140207t xxu||||| |||| 00| 0 eng d
100
_a
James A. Black
_9
656
245
_a
Methods and Issues in social research
300
_a
ix, 444 p. :
942
_2
ddc
_c
BK
999
_c
16915
_d
16915